000 00954cab a2200301 4500
001 ABS52809
008 090401t1995 xxu||||| |||| 00| 0 eng d
035 _a(Sirsi) u293
041 _aeng
100 _aPowell-Smith, V.
245 _aDelaying tactics
260 _c1995
350 _a0
490 _aContract Journal
_v378(6023) 4 May 1995, 16(1)
520 _aExamines case law relating to global claims and a recent practice direction from the Lord Chief Justice.
650 _aCONTRACT CLAIMS
650 _aDAMAGES
650 _aDELAY
650 _aGLOBAL CLAIMS
650 _aGMTC TOOLS AND EQUIPMENT LTD V YUASA WARWICK MACHINERY LTD
650 _aJ CROSBY AND SONS LTD V PORTLAND UDC
650 _aMERTON LONDON BC V STANLEY HUGH LEACH LTD
650 _aROLLED UP CLAIMS
650 _aWHARF PROPERTIES LTD V ERIC CUMINE ASSOCIATES
690 _aBUILT ENVIRONMENT-BUILDING CONTRACT FORMS
942 _n0
948 _c04/03/1997
999 _c113
_d113